How to catch Santa Claus / (Record no. 389898)
[ view plain ]
| 000 -LEADER | |
|---|---|
| fixed length control field | 01687cam a2200469 i 4500 |
| 001 - CONTROL NUMBER | |
| control field | 2023005300 |
| 003 - CONTROL NUMBER IDENTIFIER | |
| control field | DLC |
| 005 - DATE AND TIME OF LATEST TRANSACTION | |
| control field | 20231113185758.0 |
| 008 - FIXED-LENGTH DATA ELEMENTS--GENERAL INFORMATION | |
| fixed length control field | 230327s2023 ilua b 000 1 eng |
| 010 ## - LIBRARY OF CONGRESS CONTROL NUMBER | |
| LC control number | 2023005300 |
| 020 ## - INTERNATIONAL STANDARD BOOK NUMBER | |
| International Standard Book Number | 9781728274270 |
| Qualifying information | (hardcover) |
| 035 ## - SYSTEM CONTROL NUMBER | |
| System control number | (OCoLC)1374132935 |
| 040 ## - CATALOGING SOURCE | |
| Original cataloging agency | DLC |
| Language of cataloging | eng |
| Description conventions | rda |
| Transcribing agency | DLC |
| Modifying agency | TnLvILS |
| 042 ## - AUTHENTICATION CODE | |
| Authentication code | pcc |
| -- | cyac |
| 092 ## - LOCALLY ASSIGNED DEWEY CALL NUMBER (OCLC) | |
| Classification number | children holiday |
| Item number | Walstead |
| 100 1# - MAIN ENTRY--PERSONAL NAME | |
| Personal name | Walstead, Alice, |
| Relator term | author. |
| 9 (RLIN) | 6435945 |
| 245 10 - TITLE STATEMENT | |
| Title | How to catch Santa Claus / |
| Statement of responsibility, etc | Alice Walstead & Andy Elkerton. |
| 264 #1 - Production, Publication, Distribution, Manufacture, and Copyright Notice. | |
| Place of production, publication, distribution, manufacture | Naperville, Illinois : |
| Name of producer, publisher, distributor, manufacturer | Sourcebooks Wonderland, |
| Date of production, publication, distribution, manufacture, or copyr | [2023] |
| 300 ## - PHYSICAL DESCRIPTION | |
| Extent | 1 volume (unpaged) : |
| Other physical details | color illustrations ; |
| Dimensions | 21 cm. |
| 336 ## - Content Type | |
| Content type term | text |
| 336 ## - Content Type | |
| Content type term | still image |
| 337 ## - Media type | |
| Media type term | unmediated |
| 338 ## - Carrier type | |
| Carrier type term | volume |
| 490 1# - SERIES STATEMENT | |
| Series statement | How to catch series. |
| 520 ## - SUMMARY, ETC. | |
| Summary, etc | Children attempt to catch Santa Claus as he delivers their presents on Christmas Eve. |
| 521 ## - TARGET AUDIENCE NOTE | |
| Target audience note | Ages 0-3. |
| Source | Sourcebooks. |
| 521 ## - TARGET AUDIENCE NOTE | |
| Target audience note | Grades K-1. |
| Source | Sourcebooks. |
| 600 00 - SUBJECT ADDED ENTRY--PERSONAL NAME | |
| Personal name | Santa Claus |
| Titles and other words associated with a name | (Fictitious character) |
| Form subdivision | Juvenile fiction. |
| 9 (RLIN) | 6429029 |
| 600 01 - SUBJECT ADDED ENTRY--PERSONAL NAME | |
| Personal name | Santa Claus |
| Form subdivision | Fiction. |
| 9 (RLIN) | 5715698 |
| 650 #0 - SUBJECT ADDED ENTRY--TOPICAL TERM | |
| Topical term or geographic name as entry element | Gifts |
| Form subdivision | Juvenile fiction. |
| 9 (RLIN) | 5675569 |
| 650 #0 - SUBJECT ADDED ENTRY--TOPICAL TERM | |
| Topical term or geographic name as entry element | Christmas stories. |
| 650 #1 - SUBJECT ADDED ENTRY--TOPICAL TERM | |
| Topical term or geographic name as entry element | Gifts |
| Form subdivision | Fiction. |
| 9 (RLIN) | 5675570 |
| 650 #1 - SUBJECT ADDED ENTRY--TOPICAL TERM | |
| Topical term or geographic name as entry element | Christmas |
| Form subdivision | Fiction. |
| 9 (RLIN) | 5675145 |
| 650 #1 - SUBJECT ADDED ENTRY--TOPICAL TERM | |
| Topical term or geographic name as entry element | Stories in rhyme. |
| 650 #1 - SUBJECT ADDED ENTRY--TOPICAL TERM | |
| Topical term or geographic name as entry element | Picture books. |
| 655 #7 - INDEX TERM--GENRE/FORM | |
| Genre/form data or focus term | Christmas fiction. |
| Source of term | lcgft. |
| 9 (RLIN) | 5733050 |
| 655 #7 - INDEX TERM--GENRE/FORM | |
| Genre/form data or focus term | Stories in rhyme. |
| Source of term | lcgft. |
| 655 #7 - INDEX TERM--GENRE/FORM | |
| Genre/form data or focus term | Picture books. |
| Source of term | lcgft. |
| 700 1# - ADDED ENTRY--PERSONAL NAME | |
| Personal name | Elkerton, Andy, |
| Relator term | illustrator. |
| 9 (RLIN) | 6011482 |
| 800 1# - SERIES ADDED ENTRY--PERSONAL NAME | |
| Personal name | Walstead, Alice. |
| Title of a work | How to catch. |
| 9 (RLIN) | 6454825 |
| 942 ## - ADDED ENTRY ELEMENTS (KOHA) | |
| Source of classification or shelving scheme | Dewey Decimal Classification |
| Koha item type | BOOK |
| Withdrawn status | Lost status | Source of classification or shelving scheme | Damaged status | Not for loan | Collection code | Home library | Current library | Shelving location | Date acquired | Source of acquisition | Total Checkouts | Total Renewals | Full call number | Barcode | Date last seen | Date checked out | Cost, replacement price | Price effective from | Koha item type |
|---|---|---|---|---|---|---|---|---|---|---|---|---|---|---|---|---|---|---|---|
| Dewey Decimal Classification | Children Holiday Books | Wasatch County Library | Wasatch County Library | Main Floor Childrens Area | 11/13/2023 | KidsReference | 6 | 7 | E Christmas Walstead | 34301002056085 | 12/26/2025 | 11/04/2025 | 12.99 | 11/13/2023 | BOOK |
